Central Library and Information Centre
Sibsagar Girls' College, Sivasagar : Assam

ASOMIYA BYAKARAN (Record no. 7)

MARC details
000 -LEADER
fixed length control field 00362cam a2200169ua 4500
008 - FIXED-LENGTH DATA ELEMENTS--GENERAL INFORMATION
fixed length control field 161201n II |||gs||||Z001|0|asm
040 ## - CATALOGING SOURCE
Original cataloging agency MAIN
041 ## - LANGUAGE CODE
-- English
082 ## - DEWEY DECIMAL CLASSIFICATION NUMBER
Classification number 415 BAR
100 ## - MAIN ENTRY--PERSONAL NAME
Personal name BARUAH, HEMCHANDRA.
245 ## - TITLE STATEMENT
Title ASOMIYA BYAKARAN
260 ## - PUBLICATION, DISTRIBUTION, ETC.
Place of publication, distribution, etc. GUWAHATI
Name of publisher, distributor, etc. LBS PUBLISHERS
300 ## - PHYSICAL DESCRIPTION
Extent 00.:
Dimensions 20CM.
942 ## - ADDED ENTRY ELEMENTS (KOHA)
Koha item type Books
653 ## - INDEX TERM--UNCONTROLLED
Uncontrolled term Grammar
Holdings
Withdrawn status Lost status Damaged status Not for loan Collection code Home library Current library Shelving location Date acquired Full call number Barcode Date last seen Copy number Price effective from Koha item type Public note
        TBASM Central Library and Information Centre Sibsagar Girls College Central Library and Information Centre Sibsagar Girls College ASSAMESE OLD REFERENCE 19.04.1967 415 BAR 00011 27.02.2020 1 27.02.2020 Books V


Sibsagar Girl's College © 2020. All rights reserved.
Powered by Koha.
Maintained by Abhijit Borpuzari.